| 000 | 00466nam a2200205Ia 4500 | ||
|---|---|---|---|
| 005 | 20250425162448.0 | ||
| 008 | 250425s9999 xx 000 0 und d | ||
| 020 | _a9789978310793 | ||
| 041 | _aspa | ||
| 082 | _a592 | ||
| 100 | _aARCOS, FERNANDO | ||
| 245 | 0 | _aPLANCTONOLOGIA EN EL ECUADOR | |
| 250 | _a1A ED. | ||
| 260 |
_aEcuador _bESPOL - FIMCM _c2010 |
||
| 260 | _aGUAYAQUIL | ||
| 300 | _a136 | ||
| 650 | _aPLANCTON | ||
| 942 | _c01 | ||
| 010 | _a75617 | ||
| 999 |
_c229710 _d229710 |
||